[Event "BL2 Sued 1415 (Women)"]
[Site "Germany"]
[Date "2015.03.29"]
[Round "7.3"]
[White "Zimmer, Elke"]
[Black "Aswathy, Balagopalan"]
[Result "0-1"]
[WhiteElo "1938"]
[BlackElo "1985"]
[PlyCount "106"]
[EventDate "2014.09.27"]
[EventType "team-tourn"]
[EventRounds "7"]
[EventCountry "GER"]
[SourceTitle "CBM 166 Extra"]
[Source "ChessBase"]
[SourceDate "2015.06.18"]
[SourceVersion "1"]
[SourceVersionDate "2015.06.18"]
[SourceQuality "1"]
[WhiteTeam "Wadgassen/Differten (W)"]
[BlackTeam "Muenchen Bayern (W)"]
[WhiteTeamCountry "GER"]
[BlackTeamCountry "GER"]

1. e4 c5 2. Nc3 Nc6 3. g3 g6 4. Bg2 Bg7 5. d3 d6 6. Be3 Nf6 7. h3 e6 8. Qd2 Nd7 9. Bh6 Bxh6 10. Qxh6 Nd4 11. Qg7 Qf6 12. Qxf6 Nxf6 13. Rc1 Rb8 14. Nge2 Nxe2 15. Nxe2 Bd7 16. 0-0 Nh5 17. Rfe1 Bc6 18. c3 0-0 19. d4 Rfe8 20. g4 Ng7 21. b4 cxb4 22. cxb4 Rbc8 23. Ng3 e5 24. dxe5 dxe5 25. Rc3 Rcd8 26. Nf1 Rd4 27. a3 Ne6 28. Ng3 Red8 29. Rec1 Nf4 30. Rc5 Nd3 31. Rxc6 bxc6 32. Rxc6 Nf4 33. Ra6 R8d7 34. Ra5 f6 35. Bf1 Rd1 36. Kh2 R7d2 37. Bc4+ Kg7 38. Rxa7+ Kh6 39. Nh1 Nxh3 40. Kxh3 Rxh1+ 41. Kg2 Rc1 42. Be6 Rcc2 43. b5 Rxf2+ 44. Kg3 Kg5 45. Rd7 Rcd2 46. Rxd2 Rxd2 47. a4 Rd3+ 48. Kf2 Ra3 49. b6 Rxa4 50. b7 Rb4 51. Bc8 Kf4 52. Ke2 Kxe4 53. Kd2 Kd5 0-1

[Event "BL2 Sued 1415 (Women)"]
[Site "Germany"]
[Date "2015.03.28"]
[Round "6.3"]
[White "Aswathy, Balagopalan"]
[Black "Lukas, Anne"]
[Result "1/2-1/2"]
[WhiteElo "1985"]
[BlackElo "1767"]
[PlyCount "102"]
[EventDate "2014.09.27"]
[EventType "team-tourn"]
[EventRounds "7"]
[EventCountry "GER"]
[SourceTitle "CBM 166 Extra"]
[Source "ChessBase"]
[SourceDate "2015.06.18"]
[SourceVersion "1"]
[SourceVersionDate "2015.06.18"]
[SourceQuality "1"]
[WhiteTeam "Muenchen Bayern (W)"]
[BlackTeam "Gernsheim (W)"]
[WhiteTeamCountry "GER"]
[BlackTeamCountry "GER"]

1. e4 d5 2. exd5 Qxd5 3. Nc3 Qd6 4. d4 Nf6 5. Nf3 a6 6. g3 Bg4 7. Bg2 Nc6 8. Be3 0-0-0 9. h3 Bxf3 10. Qxf3 e6 11. 0-0 Qb4 12. Ne2 e5 13. c3 Qb5 14. a4 Qd5 15. Qf5+ Qd7 16. Qxd7+ Nxd7 17. Bxc6 bxc6 18. dxe5 Nxe5 19. Bd4 Nc4 20. Ra2 c5 21. Be3 Re8 22. b3 Na5 23. Nc1 Rd8 24. Rd2 Rxd2 25. Bxd2 Bd6 26. Rd1 Rd8 27. Be3 Be7 28. Rxd8+ Kxd8 29. Kf1 Bf6 30. c4 Bd4 31. Bd2 Bb2 32. Bxa5 Bxc1 33. Ke2 Kd7 34. Kd3 Bb2 35. f3 c6 36. Bb6 Ba3 37. Ke4 Ke6 38. g4 g6 39. g5 Bb4 40. Bc7 Ba3 41. Be5 Bb4 42. Bb2 Be1 43. Ba3 Bf2 44. b4 cxb4 45. Bxb4 Bh4 46. f4 f6 47. Bd2 f5+ 48. Kf3 Kd6 49. Bb4+ c5 50. Ba5 Kc6 51. Kg2 Kb7 1/2-1/2

[Event "BL2 Sued 1415 (Women)"]
[Site "Germany"]
[Date "2014.11.29"]
[Round "3.2"]
[White "Aswathy, Balagopalan"]
[Black "Winterholler, Christina"]
[Result "0-1"]
[WhiteElo "1985"]
[BlackElo "1935"]
[PlyCount "96"]
[EventDate "2014.09.27"]
[EventType "team-tourn"]
[EventRounds "7"]
[EventCountry "GER"]
[SourceTitle "CBM 166 Extra"]
[Source "ChessBase"]
[SourceDate "2015.06.18"]
[SourceVersion "1"]
[SourceVersionDate "2015.06.18"]
[SourceQuality "1"]
[WhiteTeam "Muenchen Bayern (W)"]
[BlackTeam "Hofheim (W)"]
[WhiteTeamCountry "GER"]
[BlackTeamCountry "GER"]

1. e4 e5 2. Nf3 Nc6 3. d4 exd4 4. Nxd4 Qf6 5. c3 Qg6 6. Be3 Qxe4 7. Nd2 Qg6 8. Nb5 Kd8 9. Nc4 d6 10. h4 Bg4 11. f3 Bd7 12. Qd2 a6 13. Nd4 Nxd4 14. cxd4 Ne7 15. d5 h5 16. Rc1 Qf5 17. Bg5 f6 18. Ne3 Qe5 19. f4 Qe4 20. Bd3 Qd4 21. Rc4 Qb6 22. Rb4 Qa7 23. Be4 fxg5 24. fxg5 a5 25. Rc4 Bb5 26. Rc2 g6 27. Qc3 Rg8 28. a4 Ba6 29. Qxc7+ Ke8 30. Nc4 Bxc4 31. Qxc4 Qb6 32. Re2 Qb4+ 33. Qxb4 axb4 34. Rf1 Rxa4 35. Rf6 Kd7 36. Rf7 Kd8 37. Bd3 Ra5 38. Bc4 Rc5 39. Bb3 b5 40. Re6 Kd7 41. Re4 Kd8 42. Rxb4 Bg7 43. Ba2 Be5 44. Rb3 Re8 45. Rd3 Bxb2 46. Kd2 Nf5 47. g3 Nd4 48. Re3 Bc1+ 0-1

[Event "BL2 Sued 1314 (Women)"]
[Site "Germany"]
[Date "2014.03.08"]
[Round "6.3"]
[White "Zimmer, Elke"]
[Black "Aswathy, Balagopalan"]
[Result "0-1"]
[WhiteElo "1950"]
[BlackElo "1960"]
[PlyCount "118"]
[EventDate "2013.11.30"]
[EventType "team-tourn"]
[EventRounds "7"]
[EventCountry "GER"]
[SourceTitle "EXT 2018"]
[Source "ChessBase"]
[SourceDate "2017.10.13"]
[SourceVersion "1"]
[SourceVersionDate "2017.10.13"]
[SourceQuality "1"]
[WhiteTeam "Wadgassen/Differten (W)"]
[BlackTeam "Muenchen Bayern (W)"]
[WhiteTeamCountry "GER"]
[BlackTeamCountry "GER"]

1. e4 c5 2. Nc3 d6 3. g3 g6 4. Bg2 Bg7 5. d3 Nc6 6. Be3 Nf6 7. Qc1 Ng4 8. Bd2 f5 9. h3 Nf6 10. Bh6 0-0 11. Bxg7 Kxg7 12. Qd2 Rb8 13. Nge2 Nd4 14. Nf4 b5 15. 0-0 e5 16. Nfe2 b4 17. Nd5 Nxd5 18. Nxd4 cxd4 19. exd5 f4 20. Rfe1 f3 21. Bf1 a5 22. c3 bxc3 23. bxc3 dxc3 24. Qxc3 Bf5 25. Rec1 Rb5 26. Qc6 Rb6 27. Qc7+ Qxc7 28. Rxc7+ Rf7 29. Rac1 h5 30. R7c6 Rfb7 31. h4 Rb1 32. d4 Rxc1 33. Rxc1 exd4 34. Ba6 Rb1 35. Rf1 Rb2 36. Rd1 Rxa2 37. Rxd4 Ra1+ 38. Kh2 Bh3 39. g4 Bxg4 40. Bb5 Ra2 41. Kg3 Ra1 42. Kh2 Rb1 43. Bc6 Rb4 44. Rd3 Bf5 45. Ra3 Rxh4+ 46. Kg1 Rg4+ 47. Kf1 Rb4 48. Ke1 Re4+ 49. Kd1 Bg4 50. Rxa5 Re2 51. Ra7+ Kf6 52. Bb5 Rxf2 53. Be8 Rb2 54. Rf7+ Kg5 55. Kc1 Re2 56. Bb5 Re5 57. Bc4 h4 58. Kd2 h3 59. Rh7 Bh5 0-1

[Event "BL2 Sued 1314 (Women)"]
[Site "Germany"]
[Date "2013.12.01"]
[Round "2.4"]
[White "Aswathy, Balagopalan"]
[Black "Brendel, Bergit"]
[Result "0-1"]
[WhiteElo "1960"]
[BlackElo "2033"]
[PlyCount "74"]
[EventDate "2013.11.30"]
[EventType "team-tourn"]
[EventRounds "7"]
[EventCountry "GER"]
[SourceTitle "EXT 2018"]
[Source "ChessBase"]
[SourceDate "2017.10.13"]
[SourceVersion "1"]
[SourceVersionDate "2017.10.13"]
[SourceQuality "1"]
[WhiteTeam "Muenchen Bayern (W)"]
[BlackTeam "Karlsruhe (W)"]
[WhiteTeamCountry "GER"]
[BlackTeamCountry "GER"]

1. e4 e5 2. Nf3 Nc6 3. d4 exd4 4. Nxd4 Nf6 5. Nxc6 bxc6 6. e5 Qe7 7. Qe2 Nd5 8. c4 Ba6 9. g3 g6 10. b3 Bg7 11. Bb2 0-0 12. Nd2 Rfe8 13. 0-0-0 Nb6 14. f4 d5 15. Qf3 dxc4 16. Qe4 Rab8 17. Nxc4 Bb7 18. Qc2 Nd5 19. a3 a5 20. Bg2 Qc5 21. Rhe1 Ba6 22. Nd2 Qb6 23. Bh1 Ne3 24. Rxe3 Qxe3 25. Qxc6 Bb5 26. Qe4 Qc5+ 27. Kb1 Red8 28. Ka1 Bd3 29. Qc6 Qxc6 30. Bxc6 Bc2 31. Rc1 Rxd2 32. Bc3 Rxh2 33. Bxa5 Bxb3 34. Bxc7 Rf8 35. a4 f6 36. Rc3 Be6 37. a5 fxe5 0-1

[Event "BL2 Sued 1213 (Women)"]
[Site "Germany"]
[Date "2013.03.10"]
[Round "7.4"]
[White "Froehlich Dill, Astrid"]
[Black "Aswathy, Balagopalan"]
[Result "0-1"]
[WhiteElo "1931"]
[BlackElo "1939"]
[PlyCount "52"]
[EventDate "2012.10.06"]
[EventType "team-tourn"]
[EventRounds "7"]
[EventCountry "GER"]
[SourceTitle "EXT 2018"]
[Source "ChessBase"]
[SourceDate "2017.10.13"]
[SourceVersion "1"]
[SourceVersionDate "2017.10.13"]
[SourceQuality "1"]
[WhiteTeam "Hofheim (W)"]
[BlackTeam "Bayern Muenchen (W)"]
[WhiteTeamCountry "GER"]
[BlackTeamCountry "GER"]

1. d4 Nf6 2. c4 g6 3. Nc3 Bg7 4. e4 d6 5. f3 0-0 6. Be3 e5 7. d5 c6 8. Qd2 cxd5 9. cxd5 a6 10. Bd3 Nbd7 11. b4 Nh5 12. Nge2 f5 13. Bg5 Ndf6 14. exf5 gxf5 15. Ng3 Nxg3 16. hxg3 e4 17. Bc2 exf3 18. gxf3 Qc7 19. Bh6 Re8+ 20. Kf1 Ng4 21. fxg4 Bxc3 22. Qg5+ Kh8 23. Rd1 Qc4+ 24. Rd3 Qe4 25. Kg1 Qe1+ 26. Kg2 Re2+ 0-1

[Event "BL2 Sued 1213 (Women)"]
[Site "Germany"]
[Date "2012.12.01"]
[Round "3.4"]
[White "Henschel, Anke"]
[Black "Aswathy, Balagopalan"]
[Result "1-0"]
[WhiteElo "2001"]
[BlackElo "1939"]
[PlyCount "53"]
[EventDate "2012.10.06"]
[EventType "team-tourn"]
[EventRounds "7"]
[EventCountry "GER"]
[SourceTitle "EXT 2018"]
[Source "ChessBase"]
[SourceDate "2017.10.13"]
[SourceVersion "1"]
[SourceVersionDate "2017.10.13"]
[SourceQuality "1"]
[WhiteTeam "Wadgassen/Differten (W)"]
[BlackTeam "Bayern Muenchen (W)"]
[WhiteTeamCountry "GER"]
[BlackTeamCountry "GER"]

1. e4 c5 2. Nf3 d6 3. Bb5+ Bd7 4. Bxd7+ Nxd7 5. c4 Ngf6 6. Nc3 g6 7. 0-0 Bg7 8. d3 0-0 9. h3 Ne8 10. Bf4 Ne5 11. Nh2 f5 12. Qd2 Nf6 13. exf5 gxf5 14. Rae1 Nc6 15. Bh6 Rf7 16. Qg5 Qd7 17. f4 Kh8 18. Nf3 Rg8 19. Re2 Ne4 20. Qh5 Bxh6 21. dxe4 Rf6 22. Nd5 Re6 23. Nh4 Nd4 24. Ref2 Bg7 25. exf5 Bh6 26. fxe6 Qxe6 27. f5 1-0

[Event "BL2 Sued 1112 (Women)"]
[Site "Germany"]
[Date "2011.11.27"]
[Round "4.4"]
[White "Aswathy, Balagopalan"]
[Black "Rotermund, Verena"]
[Result "1-0"]
[WhiteElo "1913"]
[BlackElo "1717"]
[PlyCount "49"]
[EventDate "2011.10.29"]
[EventType "team-tourn"]
[EventRounds "7"]
[EventCountry "GER"]
[SourceTitle "EXT 2013"]
[Source "ChessBase"]
[SourceDate "2012.11.22"]
[SourceVersion "1"]
[SourceVersionDate "2012.11.22"]
[SourceQuality "1"]
[WhiteTeam "Bayern Muenchen (W)"]
[BlackTeam "Mainz Orient (W)"]
[WhiteTeamCountry "GER"]
[BlackTeamCountry "GER"]

1. e4 e6 2. d3 d5 3. Nd2 c5 4. Ngf3 Nf6 5. g3 Nc6 6. Bg2 Be7 7. 0-0 0-0 8. Re1 Qb6 9. Qe2 Nb4 10. Nf1 dxe4 11. dxe4 Bd7 12. e5 Nfd5 13. c3 Na6 14. Bg5 Bxg5 15. Nxg5 Nac7 16. c4 Ne7 17. Qd3 Nf5 18. Qxd7 Rad8 19. Qa4 Nd4 20. Rab1 f6 21. exf6 Rxf6 22. b4 Rf5 23. Ne4 Ne8 24. bxc5 Qc7 25. Rxb7 1-0